000 00353nam a2200145Ia 4500
008 230711s9999||||xx |||||||||||||| ||und||
041 _aENG
082 _a540
_bFR-C
100 _aP. S. KalsiĀ 
245 0 _aSpectroscopy of organic compounds
250 _a1st . Ed.
260 _c1991
_aNew Delhi
_bCengage Learning
650 _aChemistry
942 _cBK
999 _c2927
_d2927